000 00297nam a22001337a 4500
008 170727b xxu||||| |||| 00| 0 eng d
020 _a9780829031713
041 _aeng
080 _a004
100 _a31
101 _aSHKI
245 _aCONTRACEPTIVE TECHNOLOGY
_cHATCHER, R.A
942 _2udc
_cBK
999 _c22052
_d22052